000 00511nam a22001457a 4500
999 _c12945
_d12945
008 190206b ||||| |||| 00| 0 eng d
020 _a971-27-1520-5
082 _22004
_aDFil 808.84
_bR14y
245 _aThe Ramon Magsaysay awardee whose story inspires me:
_bthe dalai lama/
_cRamon Magsaysay Award Foundation.
260 _aPasig City:
_bAnvil Pub.,
_c©2004
300 _ax,pages29-34;
_billustrations;
_c22 cm,
650 _aRamon Magsaysay awards
_99843
650 _aEssays
_vAwards
_936599
942 _2ddc
_cDFIL